| 000 | 00438nam a2200181Ia 4500 | ||
|---|---|---|---|
| 008 | 210719s2020 xx 000 0 und d | ||
| 020 | _a978-81-946464-2-6 | ||
| 041 | _aeng | ||
| 082 | _a820.33 MISY | ||
| 100 | _aMISSAL (Kevin) | ||
| 245 | _aYama | ||
| 260 |
_aLondon _bSimon & Schuster _c2020 |
||
| 300 |
_a298 _bPB |
||
| 365 |
_b299 _cRs |
||
| 650 | _aIndian English Fiction | ||
| 650 | _aIndian English Fiction | ||
| 906 | _aYama | ||
| 999 |
_c211746 _d211746 |
||